Sideways stories from Wayside School : (Record no. 3126)

MARC details
000 -LEADER
fixed length control field 01236cam a2200349 i 4500
001 - CONTROL NUMBER
control field 3126
003 - CONTROL NUMBER IDENTIFIER
control field FISKH
005 - DATE AND TIME OF LATEST TRANSACTION
control field 20240207150642.0
008 - FIXED-LENGTH DATA ELEMENTS--GENERAL INFORMATION
fixed length control field 780508s1978 ilua j 000 1 eng
010 ## - LIBRARY OF CONGRESS CONTROL NUMBER
LC control number 78003213
020 ## - INTERNATIONAL STANDARD BOOK NUMBER
International Standard Book Number 0695809644
020 ## - INTERNATIONAL STANDARD BOOK NUMBER
International Standard Book Number 0695409646 (lib. bdg.)
020 ## - INTERNATIONAL STANDARD BOOK NUMBER
International Standard Book Number 9780439341455
040 ## - CATALOGING SOURCE
Original cataloging agency DLC
Transcribing agency DLC
Modifying agency DLC
Language of cataloging eng
042 ## - AUTHENTICATION CODE
Authentication code lcac
050 00 - LIBRARY OF CONGRESS CALL NUMBER
Classification number PZ7.S1185
Item number Si
082 00 - DEWEY DECIMAL CLASSIFICATION NUMBER
Classification number [Fic]
100 1# - MAIN ENTRY--PERSONAL NAME
Personal name Sachar, Louis,
Dates associated with a name 1954-
245 10 - TITLE STATEMENT
Title Sideways stories from Wayside School :
Statement of responsibility, etc. Louis Sachar ; illustrated by Julie Brinckloe
Remainder of title Anything can happen in a school that was all mixed up the day it was built /
250 ## - EDITION STATEMENT
Edition statement First Scholastic printing, September 2001
260 ## - PUBLICATION, DISTRIBUTION, ETC.
Place of publication, distribution, etc. New York :
Name of publisher, distributor, etc. Scholastic,
Date of publication, distribution, etc. 1978
300 ## - PHYSICAL DESCRIPTION
Extent 118 pages ;
Other physical details illustrations ;
Dimensions 20 cm
505 ## - FORMATTED CONTENTS NOTE
Formatted contents note J<br/>
520 ## - SUMMARY, ETC.
Summary, etc. Humorous episodes from the classroom on the thirtieth floor of Wayside School, which was accidentally built sideways with one classroom on each story.
521 8# - TARGET AUDIENCE NOTE
Target audience note 460<br/>
Source Lexile<br/>
521 8# - TARGET AUDIENCE NOTE
Target audience note J<br/>
Source Raz-Plus<br/>
650 #1 - SUBJECT ADDED ENTRY--TOPICAL TERM
Topical term or geographic name entry element Schools
General subdivision Fiction.
650 #1 - SUBJECT ADDED ENTRY--TOPICAL TERM
Topical term or geographic name entry element Humorous stories.
700 ## - ADDED ENTRY--PERSONAL NAME
Personal name Brinckloe, Julie
Relator term Illustrator
906 ## - LOCAL DATA ELEMENT F, LDF (RLIN)
a 7
b cbc
c orignew
d 1
e ocip
f 19
g y-gencatlg
942 ## - ADDED ENTRY ELEMENTS (KOHA)
Source of classification or shelving scheme Dewey Decimal Classification
Koha item type Books
Suppress in OPAC No
Holdings
Withdrawn status Lost status Source of classification or shelving scheme Damaged status Not for loan Collection Home library Current library Shelving location Date acquired Total Checkouts Full call number Barcode Date last seen Copy number Price effective from Koha item type
    Dewey Decimal Classification     Juvenile Fiction Footprints International School Library Network Toul Kork Campus Footprints International School Library Network Toul Kork Campus TK Primary Library Room(4th Floor), Bookcase 1&2, Shelves 1-16, Dark Blue Books 02/07/2024   SAC Fic PZ7.S1185 FISTK04889 02/07/2024 1 02/07/2024 Books
    Dewey Decimal Classification     Juvenile Fiction Footprints International School Library Network Toul Kork Campus Footprints International School Library Network Toul Kork Campus   05/10/2024   SAC Fic PZ7.S1185 2024-0600 05/10/2024 2 05/10/2024 Books